| 000 | 00000nam##2200000za#4500 |
| 001 | 9.699045 |
| 003 | CaOODSP |
| 005 | 20210625000214 |
| 007 | cr ||||||||||| |
| 008 | 150407|2014||||xxc|||||o f|0| 0 eng|d |
| 020 | |a978-1-100-23386-4 |
| 040 | |aCaOODSP|beng |
| 043 | |an-cn--- |
| 086 | 1 |aX9-28/2014E-PDF |
| 110 | 1 |aCanada. |bParliament. |bHouse of Commons. |
| 245 | 10|aPrime Ministers' portraits |h[electronic resource] |
| 260 | |aOttawa - Ontario : |bHouse of Commons |c[2014]. |
| 300 | |a52p.|bphotographs |
| 590 | |a15-01|b2015-01-02 |
| 690 | 07|aPrime Minister|2gcpds |
| 775 | 08|tPortraits des premiers ministres |w(CaOODSP)9.643050 |
| 856 | 40|ahttp://publications.gc.ca|qPDF|s4820 KB|uhttps://publications.gc.ca/collections/collection_2014/parl/X9-28-2014-eng.pdf |